| 000 | 00774nam a2200229 a 4500 | ||
|---|---|---|---|
| 003 | PILC | ||
| 005 | 20150112093432.0 | ||
| 008 | 100719s19uu xx 00 eng d | ||
| 020 | _a9781844800452 | ||
| 050 |
_aTX 911.3 _b.Oc18 2004 |
||
| 082 |
_a647.940285 _bOc5 2004 |
||
| 100 |
_aO'Connor, Peter _911627 |
||
| 245 |
_aUsing computers in the hospitality / _cPeter O'Connor |
||
| 250 | _a3rd ed. | ||
| 260 |
_aThomson Learning : _bHigh Holborn House Bedford Row, London _c2004. |
||
| 300 |
_a420 pages : _billustration ; _c28 cm. |
||
| 650 |
_aHotel Management - Data processing _911628 |
||
| 650 |
_aFood service management - Data processing _911629 |
||
| 650 |
_aRestaurant management - Data processing _911630 |
||
| 700 |
_aCahill, John J. _911631 |
||
| 942 |
_2lcc _cBK |
||
| 999 |
_c14410 _d14410 |
||